000 00407 a2200145 4500
999 _c12026
_d12026
003 OSt
005 20240111141850.0
008 240111b ||||| |||| 00| 0 eng d
020 _a9788416851720
082 _a724
100 _aThe Plan
245 _aArchitecture In Context: Contemporary Design Solutions Based On Environmental, Social And Cultural Identities
260 _bPromopress
_c2018
942 _2ddc